| 000 | 00923nam a22003497a 4500 | ||
|---|---|---|---|
| 005 | 20230823152449.0 | ||
| 008 | 210812s2017 xxu||||| |||| 00| 0 spa d | ||
| 020 | _a9788494562952 | ||
| 041 | _aESP | ||
| 082 | _a462.2 G234g | ||
| 100 | _aGarner, Bryan A. | ||
| 245 | _aGuías HBR: Mejora tu escritura en el trabajo | ||
| 260 | _aEspaña | ||
| 260 | _bEditorial Reverté | ||
| 260 | _c2017 | ||
| 300 | _a174 páginas | ||
| 650 | _aREDACCIÓN | ||
| 650 | _aCOMUNICACIÓN ESCRITA | ||
| 650 | _aPROCESO DE ESCRITURA | ||
| 650 | _aIDEAS PRINCIPALES | ||
| 650 |
_aCONCEPTOS GRAMATICALES BÁSICOS _965359 |
||
| 650 | _aESCRITOS HABITUALES | ||
| 650 | _aCORREOS ELECTRÓNICOS | ||
| 650 | _aCARTAS DE NEGOCIOS | ||
| 650 | _aMEMORANDOS | ||
| 650 | _aINFORMES | ||
| 650 | _aEVALUACIONES DE DESEMPEÑO | ||
| 650 | _aREGLAS DE PUNTUACIÓN | ||
| 650 | _aEXPRESIONES | ||
| 650 | _aREGLAS | ||
| 942 | _cBK | ||
| 999 |
_c13105 _d13105 |
||